000 00493nam a2200169 i 4500
001 80450
003 ES-MaACL
005 20230906174222.0
007 t|
008 041028s1962 sp ||||1| spa d
100 1 _aHilpisch, Esteban.
_963735
245 1 0 _aSan Benito y su obra /
_ctexto de Esteban Hilpisch y de Pedro Alonso.
260 _a[Bilbao :
_bDesclée de Brouwer],
_c1962.
300 _a254 p. ;
_c26 cm.
700 1 _aAlonso, Pedro.
_920237
852 _aES-MaACL
_jC-21838
_bR.50399
999 _c80450
_d80450